000 01259nam a2200241 i 4500
001 151928
003 ES-MaACL
005 20230906204443.0
008 931025s1794 sp a |||| | spa d
100 1 _aBergmann, Torbern Olof.
_928003
245 1 0 _aElementos físico-químicos de la analisis general de las aguas /
_cobra compuesta de las siete disertaciones primeras de los opúsculos físico-químicos del ilustre Bergman ; traducidos del latin al frances por Mr. de Morveau ; y de éste al castellano, con arreglo a la nueva nomenclatura, con varias adiciones y por un orden mas conforme a este tratado por ... Ignacio Antonio de Soto y Arauxo...
260 _aMadrid :
_ben la Imprenta Real ...,
_c1794.
300 _a[12], LXX, 354 p., 3 h. de grab. pleg., [1] h. pleg. ;
_c4º.
597 _aSign.: [*]4, 2*2, a-h4, i3, A5, B-Z4, 2A-2X4, 2y1.
597 _aAntep.
599 _aLas h. de grab. xil.: "Navia sc.", representan instrumentos de análisis, al final del texto.
650 4 _aAguas-
_xAnálisis.
_9198767
700 1 _aSoto y Araujo, Ignacio Antonio de.
_9132840
700 0 _aMorveau.
_983735
852 _aES-MaACL
_jR-2680
_z-- Enc. pasta española
_x-- Olim: G-10883
999 _c151928
_d151928